000 00648nam a2200241Ia 4500
003 OSt
005 20220918223155.0
006 a|||||r|||| 00| 0
007 ta
008 220917b |||||||| |||| 00| 0 eng d
024 _a220,802
037 _cTextual
040 _aARTS
_cARTS
_beng
041 _2eng
_aeng
082 _aQ72x, 111N71
100 _aTabatabai Sayyid Muhammad Husayn
_9145071
245 0 _aShi'a
260 _aIran
_bAnsariyan Publications
_c1971
300 _axiv, 253p.
_ccm.
650 _aRELIGION
942 _hQ72x, 111N71
_cTEXL
_2CC
999 _c277658
_d277658